| 000 | 01138cam a2200301 a 4500 | ||
|---|---|---|---|
| 005 | 20260322212037.0 | ||
| 008 | data | ||
| 010 | _a 2003283779 | ||
| 020 | _a0399151729 (acidfree paper) | ||
| 020 | _a978-0399151729 (acid-free paper) | ||
| 040 |
_aTMN _cTMN _dDLC _dOCLCQ _dDLC |
||
| 042 | _alccopycat | ||
| 043 | _ae-uk--- | ||
| 050 | 0 | 0 |
_aDA591.A45 _bD526 2003 |
| 082 | 0 | 4 |
_aB _aB _222 |
| 100 | 1 |
_aBurrell, Paul, _d1958- |
|
| 245 | 1 | 2 |
_aA royal duty / _cPaul Burrell. |
| 260 |
_aNew York : _bG.P. Putnam's Sons, _cc2003. |
||
| 300 |
_ax, 405 p., [24] p. of plates : _bill. (chiefly col.) ; _c24 cm. |
||
| 600 | 0 | 0 |
_aDiana, _cPrincess of Wales, _d1961-1997. |
| 600 | 1 | 0 |
_aBurrell, Paul, _d1958- |
| 650 | 0 |
_aPrincesses _zGreat Britain _vBiography. |
|
| 856 | 4 | 1 |
_3Table of contents _uhttp://www.loc.gov/catdir/toc/fy043/2003283779.html |
| 906 |
_a7 _bcbc _ccopycat _d2 _encip _f20 _gy-gencatlg |
||
| 925 | 0 |
_aacquire _b2 shelf copies _xpolicy default |
|
| 955 |
_dlh06 2004-01-16 _elk18 2004-01-16; to Dewey 01-16-04 |
||
| 001 | data | ||
| 999 |
_c856 _d856 |
||